Daňové licencie - môžu viesť k zániku úspešných spoločností?

Daňové licencie právnických osôb - motívy zavedenia a reakcia verejnosti. Podstata daňovej licencie, výnimky z jej uplatňovania a jej výška pre daňovníka. Daňová licencia nemusí nadväzovať na skutočne dosiahnutý výsledok hospodárenia. Ako môže daňová licencia zapríčiniť konkurz a likvidáciu úspešnej...

Descrizione completa

Salvato in:
Dettagli Bibliografici
Autore principale: Seneši, Norbert
Natura: Capitolo di libro
Lingua:slovacco
Soggetti:
Tags: Aggiungi Tag
Nessun Tag, puoi essere il primo ad aggiungerne!!

MARC

LEADER 00000naa$a2200000$$$4500
001 0207469
005 20240502073441.2
041 0 |a slo 
044 |a SK 
245 1 0 |a Daňové licencie - môžu viesť k zániku úspešných spoločností?  |c Norbert Seneši 
520 |a Daňové licencie právnických osôb - motívy zavedenia a reakcia verejnosti. Podstata daňovej licencie, výnimky z jej uplatňovania a jej výška pre daňovníka. Daňová licencia nemusí nadväzovať na skutočne dosiahnutý výsledok hospodárenia. Ako môže daňová licencia zapríčiniť konkurz a likvidáciu úspešnej spoločnosti. Zhrnutie získaných poznatkov a možnosti riešenia problematiky. 
610 2 0 |a dane z príjmov 
610 2 0 |a daňovníci 
610 2 0 |a licencie daňové 
610 2 0 |a osoby právnické 
610 2 0 |a firmy 
610 2 0 |a výnosy 
610 2 0 |a náklady 
610 2 0 |a výsledok hospodársky 
610 2 0 |a legislatíva 
100 1 |a Seneši, Norbert